| 000 | 00393nam a2200157Ia 4500 | ||
|---|---|---|---|
| 003 | 0STCL | ||
| 008 | 150530s9999 xx 000 0 und d | ||
| 040 |
_aSTCL _cSTCL |
||
| 100 | _aBorowitz Sidney; Beiser Arthur | ||
| 245 | _aConcepts and principles of physics vol I | ||
| 260 |
_bAddison Wesley _c1958 |
||
| 546 | _aEnglish | ||
| 942 |
_2ddc _cBK |
||
| 999 |
_c27298 _d27298 |
||
| 005 | 20220125170107.0 | ||